[Event "XXVI Festival Conca della Presolana B"]
[Site "Bratto - Castione della Presolana ITA"]
[Date "2006.08.24"]
[Round "5"]
[White "Fizzotti, Mario"]
[Black "Marguerettaz, Davy"]
[Result "0-1"]
[WhiteElo "1868"]
[BlackElo "1700"]
[PlyCount "52"]
[EventDate "2006.08.20"]

1. c4 e6 2. Nf3 d5 3. e3 c5 4. b3 Nf6 5. Bb2 Be7 6. Be2 O-O 7. O-O Nc6 8. Nc3
d4 9. exd4 cxd4 10. Qc2 dxc3 11. dxc3 Qc7 12. Rad1 Bd7 13. Nd4 Rad8 14. f4 a6
15. g4 e5 16. fxe5 Nxe5 17. g5 Nfg4 18. Bc1 Ng6 19. Bd3 Bd6 20. h3 Nh2 21. Rf2
Bxh3 22. Bf5 Bxf5 23. Nxf5 Bc5 24. Nd4 Ng4 25. Rg2 N4e5 26. Qf5 Nh4 0-1

[Event "XXVI Festival Conca della Presolana B"]
[Site "Bratto - Castione della Presolana ITA"]
[Date "2006.08.24"]
[Round "5"]
[White "Gozzini, Giambattista"]
[Black "Fiorili, Roberto"]
[Result "0-1"]
[WhiteElo "1721"]
[BlackElo "1934"]
[PlyCount "98"]
[EventDate "2006.08.20"]

1. e4 c5 2. Nf3 d6 3. d4 cxd4 4. Nxd4 Nf6 5. Nc3 a6 6. Be2 e6 7. Be3 b5 8. a3
Bb7 9. f3 Nbd7 10. O-O Be7 11. Qe1 O-O 12. Nb3 d5 13. exd5 Nxd5 14. Nxd5 Bxd5
15. Rc1 Rc8 16. Nd2 Bf6 17. c3 Nb6 18. Bxb6 Qxb6+ 19. Qf2 Qb8 20. Bd3 Rfd8 21.
Be4 Be7 22. Kh1 f5 23. Bxd5 Rxd5 24. Nb3 e5 25. Rcd1 Rcd8 26. Qc2 Qd6 27. Rxd5
Qxd5 28. Na5 Qd3 29. Qxd3 Rxd3 30. Nb3 Kf7 31. Kg1 Ke6 32. Kf2 g5 33. Ke2 Rd5
34. Nd2 a5 35. b4 Bd8 36. Nb3 axb4 37. axb4 Bb6 38. Ra1 Rd6 39. Ra8 Kd5 40. Rf8
Kc4 41. Nd2+ Kxc3 42. Nf1 f4 43. Rf5 Bd4 44. Rxg5 Kxb4 45. g3 fxg3 46. Nxg3 Rh6
47. Ne4 Rxh2+ 48. Kd3 h5 49. Rg1 Bxg1 0-1

[Event "XXVI Festival Conca della Presolana B"]
[Site "Bratto - Castione della Presolana ITA"]
[Date "2006.08.24"]
[Round "5"]
[White "La Manna, Andrea"]
[Black "Tafur, Abel"]
[Result "0-1"]
[WhiteElo "1895"]
[BlackElo "1966"]
[PlyCount "88"]
[EventDate "2006.08.20"]

1. d4 Nf6 2. c4 g6 3. Nc3 Bg7 4. e4 d6 5. f3 O-O 6. Be3 e5 7. Nge2 c6 8. Qd2
Nbd7 9. O-O-O Qa5 10. Kb1 b5 11. Nc1 bxc4 12. Bxc4 Nb6 13. Be2 Be6 14. d5 cxd5
15. Nxd5 Qxd2 16. Nxf6+ Bxf6 17. Rxd2 Be7 18. b3 Rfb8 19. Ka1 a5 20. a4 Nd7 21.
Bb5 Rc8 22. Kb2 Kg7 23. Rhd1 Nf6 24. Ne2 h6 25. g4 g5 26. Ng3 Bf8 27. Nf5+ Bxf5
28. gxf5 Be7 29. Bc4 Nd7 30. h4 Nc5 31. hxg5 hxg5 32. Rg1 Nxa4+ 33. Ka3 d5+ 34.
Kxa4 dxc4 35. Bxg5 Bxg5 36. Rxg5+ Kf6 37. Rh5 cxb3 38. Rd6+ Ke7 39. Rb6 Rab8
40. Rxb8 Rxb8 41. Rh1 b2 42. Rb1 Kd6 43. Kxa5 Kc5 44. Ka4 Kc4 0-1

[Event "XXVI Festival Conca della Presolana B"]
[Site "Bratto - Castione della Presolana ITA"]
[Date "2006.08.24"]
[Round "5"]
[White "Lanni, Vincenzo"]
[Black "Galasso, Daniele"]
[Result "1/2-1/2"]
[WhiteElo "1697"]
[BlackElo "1721"]
[PlyCount "58"]
[EventDate "2006.08.20"]

1. d4 d5 2. g3 c6 3. Bg2 Nf6 4. Nf3 Bg4 5. O-O Nbd7 6. c3 Bxf3 7. Bxf3 e5 8.
dxe5 Nxe5 9. Bg2 Bc5 10. Bg5 O-O 11. Nd2 h6 12. Bxf6 Qxf6 13. Nf3 Nxf3+ 14.
Bxf3 Rad8 15. Qc2 d4 16. b4 Bb6 17. c4 d3 18. Qb3 Rfe8 19. c5 dxe2 20. Bxe2
Rxe2 21. cxb6 axb6 22. Rae1 Rdd2 23. Rxe2 Rxe2 24. a3 Qb2 25. Qd3 Rd2 26. Qe3
Re2 27. Qxb6 Qxa3 28. Qxb7 Rb2 29. Qxc6 Qxb4 1/2-1/2

[Event "XXVI Festival Conca della Presolana B"]
[Site "Bratto - Castione della Presolana ITA"]
[Date "2006.08.24"]
[Round "5"]
[White "Madiai, Federico"]
[Black "Sanzani, Pierluigi"]
[Result "1-0"]
[WhiteElo "1756"]
[BlackElo "1892"]
[PlyCount "39"]
[EventDate "2006.08.20"]

1. d4 g6 2. e4 Bg7 3. c4 d6 4. Nc3 Nf6 5. Nf3 O-O 6. Be2 Nbd7 7. O-O c5 8. Be3
Ng4 9. Bg5 h6 10. Bh4 cxd4 11. Nxd4 Ngf6 12. Qc2 a6 13. Rad1 Qc7 14. Kh1 Nb6
15. a4 e5 16. Bxf6 Bxf6 17. a5 exd4 18. axb6 Qc5 19. Nd5 Bg7 20. b4 1-0

[Event "XXVI Festival Conca della Presolana B"]
[Site "Bratto - Castione della Presolana ITA"]
[Date "2006.08.24"]
[Round "5"]
[White "Mazzotti, Federico"]
[Black "Boccalatte, Piero"]
[Result "1/2-1/2"]
[WhiteElo "1741"]
[BlackElo "1999"]
[PlyCount "89"]
[EventDate "2006.08.20"]

1. e4 c6 2. Nc3 d5 3. Nf3 Bg4 4. Be2 e6 5. h3 Bxf3 6. Bxf3 Nd7 7. exd5 cxd5 8.
Qe2 Ndf6 9. d4 Qd7 10. Bg5 g6 11. O-O Bg7 12. Rfe1 Ne7 13. Qd2 O-O 14. Qf4 Ne8
15. Nd1 Nc6 16. c3 Rc8 17. Bh6 b5 18. Ne3 Qd6 19. Qh4 Nf6 20. Bg5 Ne8 21. Ng4
b4 22. Re3 bxc3 23. bxc3 f5 24. Nh6+ Kh8 25. Rae1 Nc7 26. Bf4 Qd8 27. Qg3 Qd7
28. Qh4 Nd8 29. g4 fxg4 30. Qxg4 Ne8 31. Qg3 Nf6 32. Bg5 Rc6 33. Ng4 Nh5 34.
Qh4 Nf7 35. Nf6 Nxf6 36. Bxf6 Nd6 37. Bxg7+ Kxg7 38. Rxe6 Rf7 39. Re7 Qf5 40.
Rxf7+ Nxf7 41. Re3 Qb1+ 42. Kh2 Qxa2 43. Qe7 a5 44. Qd7 Rd6 45. Qb7 1/2-1/2

[Event "XXVI Festival Conca della Presolana B"]
[Site "Bratto - Castione della Presolana ITA"]
[Date "2006.08.24"]
[Round "5"]
[White "Morandi, Daniele"]
[Black "Saracco, Marco"]
[Result "1/2-1/2"]
[WhiteElo "1895"]
[BlackElo "1780"]
[PlyCount "53"]
[EventDate "2006.08.20"]

1. e4 c6 2. d4 d5 3. Nc3 dxe4 4. Nxe4 Bf5 5. Ng3 Bg6 6. Nf3 Nd7 7. h4 h6 8. h5
Bh7 9. Bd3 Bxd3 10. Qxd3 Qc7 11. Rh4 e6 12. Bf4 Bd6 13. Bxd6 Qxd6 14. Ne4 Qe7
15. O-O-O Ngf6 16. Qb3 O-O-O 17. a4 Nxe4 18. Rxe4 Nf6 19. Rh4 Rd5 20. g4 Rhd8
21. Re1 Qc7 22. Qe3 Ra5 23. b3 Nd5 24. Qd2 b5 25. axb5 cxb5 26. g5 Nc3 27. Qf4
1/2-1/2

[Event "XXVI Festival Conca della Presolana B"]
[Site "Bratto - Castione della Presolana ITA"]
[Date "2006.08.24"]
[Round "5"]
[White "Nasoni, Paolo"]
[Black "Rozzoni, Davide"]
[Result "1-0"]
[WhiteElo "1859"]
[BlackElo "1714"]
[PlyCount "155"]
[EventDate "2006.08.20"]

1. c4 g6 2. e4 Bg7 3. d4 d6 4. Nc3 Nh6 5. h4 f6 6. Be2 O-O 7. Be3 e5 8. d5 f5
9. Bg5 Qe8 10. f3 Nf7 11. Be3 Bh6 12. Qd2 Bxe3 13. Qxe3 f4 14. Qd2 a6 15. Nh3
Nd7 16. h5 g5 17. g4 h6 18. Kf2 Nc5 19. Rhb1 b6 20. Kg1 Bd7 21. Bd1 Qe7 22. Nf2
Rfb8 23. b4 Nb7 24. Be2 Qe8 25. Rc1 a5 26. a3 Qc8 27. Qb2 Be8 28. Nd3 Qd8 29.
Bd1 Qc8 30. Ba4 Qd8 31. Bc6 Qe7 32. Bxb7 Rxb7 33. Ra2 Kf8 34. Qf2 Kg8 35. Rca1
Kf8 36. c5 Qd8 37. cxb6 cxb6 38. Rc1 Rc8 39. Rac2 Bd7 40. Na2 Rxc2 41. Qxc2 a4
42. b5 Bxb5 43. Ndb4 Bd7 44. Nc6 Qa8 45. Nab4 Nd8 46. Qc3 b5 47. Kf1 Rc7 48.
Qd3 Qb7 49. Rc2 Ke8 50. Nxd8 Kxd8 51. Nc6+ Bxc6 52. dxc6 Qb6 53. Qxd6+ Ke8 54.
Qxe5+ Kf7 55. Qf5+ Ke7 56. Qh7+ Ke8 57. Qg8+ Ke7 58. Qg7+ Ke8 59. Qe5+ Kf8 60.
Qf6+ Kg8 61. Qe6+ Kf8 62. Qxh6+ Kg8 63. Qxg5+ Rg7 64. Qd5+ Kh7 65. Qc5 Qd8 66.
Qf5+ Kh8 67. Qd5 Qh4 68. Qd3 Qh1+ 69. Ke2 Qg2+ 70. Kd1 Qg1+ 71. Kd2 Qf2+ 72.
Kc1 Qe1+ 73. Kb2 b4 74. axb4 a3+ 75. Qxa3 Qg1 76. c7 Qd4+ 77. Qc3 Qd7 78. c8=Q+
1-0

[Event "XXVI Festival Conca della Presolana B"]
[Site "Bratto - Castione della Presolana ITA"]
[Date "2006.08.24"]
[Round "5"]
[White "Paniga, Danilo"]
[Black "Orsi, Lorenzo"]
[Result "1-0"]
[WhiteElo "1815"]
[BlackElo "1682"]
[PlyCount "85"]
[EventDate "2006.08.20"]

1. d4 Nf6 2. Nf3 c5 3. Nbd2 b6 4. e4 d6 5. c3 Bb7 6. Bd3 Nbd7 7. O-O g6 8. Re1
Bg7 9. e5 dxe5 10. dxe5 Ng4 11. e6 fxe6 12. Rxe6 O-O 13. Be4 Bxe4 14. Nxe4 Nde5
15. Bg5 Nxf3+ 16. gxf3 Qxd1+ 17. Rxd1 Rxf3 18. Rxe7 Raf8 19. Rdd7 R8f7 20. Rxf7
Rxf7 21. Rxf7 Kxf7 22. Bf4 a6 23. Bc7 b5 24. Nxc5 b4 25. cxb4 Bxb2 26. Nxa6 Bd4
27. Bg3 g5 28. h3 Ne5 29. Bxe5 Bxe5 30. b5 Bd4 31. a4 Ke6 32. a5 Kd7 33. b6 Kc6
34. Nc7 h5 35. Ne6 Bf6 36. f3 Be7 37. Nd4+ Kb7 38. Kf1 Bb4 39. Nb3 Be7 40. Ke2
Bd8 41. Kd3 Ka6 42. Kc4 Be7 43. Kd5 {...} 1-0

[Event "XXVI Festival Conca della Presolana B"]
[Site "Bratto - Castione della Presolana ITA"]
[Date "2006.08.24"]
[Round "5"]
[White "Panigoni, Giuseppe"]
[Black "Milanesi, Erminio"]
[Result "1-0"]
[WhiteElo "1892"]
[BlackElo "1874"]
[PlyCount "73"]
[EventDate "2006.08.20"]

1. d4 g6 2. c4 Nh6 3. Nf3 f6 4. e4 Nf7 5. Nc3 Bg7 6. Be2 d6 7. O-O O-O 8. Be3
Bg4 9. Qb3 b6 10. Rfd1 Nd7 11. d5 Nde5 12. Nd4 Bd7 13. Ne6 Bxe6 14. dxe6 Nh6
15. h3 f5 16. f4 Nc6 17. e5 Na5 18. Qc2 Nb7 19. Bf3 Rb8 20. b4 Qc8 21. Nd5 Re8
22. Bd4 dxe5 23. Bxe5 Bxe5 24. fxe5 Kg7 25. Nf4 c5 26. b5 Na5 27. Rd7 a6 28.
Qd2 Nxc4 29. Qc3 axb5 30. Nd5 Kf8 31. Be2 Rb7 32. Rd1 Ng8 33. Nf6 exf6 34. exf6
Ne5 35. Qxe5 Rxd7 36. Rxd7 Qxd7 37. exd7 1-0

[Event "XXVI Festival Conca della Presolana B"]
[Site "Bratto - Castione della Presolana ITA"]
[Date "2006.08.24"]
[Round "5"]
[White "Reginato, Mauro"]
[Black "Bolognesi, Alberto"]
[Result "1/2-1/2"]
[WhiteElo "1823"]
[BlackElo "1900"]
[PlyCount "91"]
[EventDate "2006.08.20"]

1. e4 e5 2. Nf3 Nf6 3. Nxe5 d6 4. Nf3 Nxe4 5. d4 d5 6. Bd3 Bd6 7. O-O O-O 8. c4
Bg4 9. c5 Be7 10. Bf4 Nc6 11. Re1 Bf6 12. Nc3 Nxd4 13. Nxd5 Qxd5 14. Bxe4 Qxc5
15. Be3 Bxf3 16. Bxd4 Qxd4 17. Qxd4 Bxd4 18. Bxf3 c6 19. Re7 Rab8 20. Rd1 Bxb2
21. Rb1 Bd4 22. Rexb7 Rxb7 23. Rxb7 Rc8 24. g3 g6 25. Be2 Bb6 26. Bc4 Rc7 27.
Rxc7 Bxc7 28. Kg2 Kf8 29. Kf3 Ke7 30. h3 h6 31. Ke4 f5+ 32. Kf3 Bb6 33. Ke2 Kf6
34. f3 Ke5 35. h4 g5 36. hxg5 hxg5 37. g4 fxg4 38. fxg4 Kf4 39. Be6 Ke4 40. Kd2
Kd4 41. Kc2 c5 42. Kb1 Kc3 43. Bf5 c4 44. Bh7 Bd4 45. Bf5 Kb4 46. Bh7 1/2-1/2

[Event "XXVI Festival Conca della Presolana B"]
[Site "Bratto - Castione della Presolana ITA"]
[Date "2006.08.24"]
[Round "5"]
[White "Regorda, Vittorio"]
[Black "Peron, Davide"]
[Result "0-1"]
[WhiteElo "1949"]
[BlackElo "1724"]
[PlyCount "128"]
[EventDate "2006.08.20"]

1. d4 Nf6 2. c4 e6 3. Nc3 Bb4 4. Qc2 O-O 5. a3 Bxc3+ 6. Qxc3 Ne4 7. Qc2 d5 8.
e3 c6 9. Nf3 f5 10. Bd3 Nd7 11. O-O Ndf6 12. Ne1 Rb8 13. f3 Nd6 14. c5 Nf7 15.
Bd2 b5 16. cxb6 Qxb6 17. b4 Ba6 18. Bxa6 Qxa6 19. Nd3 Nd6 20. Nc5 Qc4 21. Rac1
Rfe8 22. Qb1 Qb5 23. a4 Qb6 24. Qd3 Nc4 25. Rb1 a6 26. Be1 Qa7 27. Bh4 Nd7 28.
Bg3 Rbc8 29. Rb3 Nf6 30. Rfb1 h6 31. Bh4 Rb8 32. Bf2 Nd7 33. Bg3 Rbc8 34. Nxd7
Qxd7 35. b5 cxb5 36. axb5 axb5 37. Rxb5 Qf7 38. h3 Qg6 39. Kh2 Ra8 40. Rb7 Ra3
41. R1b3 Rxb3 42. Qxb3 Nd2 43. Qa4 Nf1+ 44. Kg1 Nxg3 45. Qa7 Rc8 46. Rb8 Rxb8
47. Qxb8+ Kh7 48. Kf2 Nh5 49. g4 fxg4 50. fxg4 Nf6 51. Qf4 Qc2+ 52. Kg1 Qc1+
53. Kg2 Qd2+ 54. Kg1 Ne4 55. h4 Qe1+ 56. Kg2 Qxh4 57. Qf3 Ng5 58. Qf4 Qh3+ 59.
Kf2 Ne4+ 60. Ke2 Qg2+ 61. Ke1 Nc3 62. Qf2 Qxg4 63. Qc2+ Ne4 64. Qh2 Qg3+ 0-1

[Event "XXVI Festival Conca della Presolana B"]
[Site "Bratto - Castione della Presolana ITA"]
[Date "2006.08.24"]
[Round "5"]
[White "Romano, Roberto"]
[Black "Nepi, Ezio"]
[Result "1/2-1/2"]
[WhiteElo "1733"]
[BlackElo "1817"]
[PlyCount "27"]
[EventDate "2006.08.20"]

1. e4 e6 2. d4 d5 3. e5 c5 4. c3 Nc6 5. Nf3 Qb6 6. a3 Nh6 7. b4 cxd4 8. cxd4
Nf5 9. Bb2 Bd7 10. g4 Nh6 11. Rg1 f6 12. Bd3 Be7 13. Nc3 fxe5 14. Na4 1/2-1/2

[Event "XXVI Festival Conca della Presolana B"]
[Site "Bratto - Castione della Presolana ITA"]
[Date "2006.08.24"]
[Round "5"]
[White "Roversi, Stefano"]
[Black "Caputi, Giuliano"]
[Result "0-1"]
[WhiteElo "1857"]
[BlackElo "1945"]
[PlyCount "70"]
[EventDate "2006.08.20"]

1. e4 c6 2. d4 d5 3. Nc3 dxe4 4. Nxe4 Nd7 5. Nf3 Ngf6 6. Ng3 e6 7. Bd3 Be7 8.
O-O O-O 9. c4 b6 10. Ne5 Bb7 11. Be3 c5 12. Ng4 Nxg4 13. Qxg4 Nf6 14. Qh3 cxd4
15. Bg5 g6 16. Rad1 Re8 17. Qh4 Nd5 18. Ne4 Bxg5 19. Nxg5 Nf6 20. f4 Kg7 21.
Rfe1 h6 22. Nxf7 Kxf7 23. Qxh6 Rg8 24. g4 Qf8 25. Qg5 Bf3 26. Be2 Bxe2 27. Rxe2
Qc5 28. Re5 Qxc4 29. Rde1 Rae8 30. Qh4 Qd3 31. Rc1 Rc8 32. Qe1 Rxc1 33. Qxc1
Re8 34. Qe1 Nxg4 35. f5 gxf5 0-1

[Event "XXVI Festival Conca della Presolana B"]
[Site "Bratto - Castione della Presolana ITA"]
[Date "2006.08.24"]
[Round "5"]
[White "Sottroi, Carlo"]
[Black "Scarpellini, Felice"]
[Result "1/2-1/2"]
[WhiteElo "2008"]
[BlackElo "1913"]
[PlyCount "82"]
[EventDate "2006.08.20"]

1. e4 d6 2. d4 g6 3. Bc4 Bg7 4. c3 c6 5. Qb3 e6 6. Nf3 d5 7. Bd3 dxe4 8. Bxe4
Nf6 9. Bg5 Nbd7 10. Bd3 Qb6 11. Nbd2 Qxb3 12. Nxb3 O-O 13. O-O b6 14. Rad1 Bb7
15. Rfe1 a5 16. Nbd2 c5 17. Ne5 cxd4 18. cxd4 h6 19. Bh4 g5 20. Bg3 Rfd8 21.
Ndc4 Nd5 22. Nxd7 Rxd7 23. Ne5 Rdd8 24. a3 Rac8 25. Rc1 Rxc1 26. Rxc1 Rc8 27.
Rxc8+ Bxc8 28. Kf1 f6 29. Nc4 f5 30. Be5 Ba6 31. Bxg7 Kxg7 32. Ne5 Bxd3+ 33.
Nxd3 g4 34. Ke2 h5 35. g3 Kf6 36. Ne1 f4 37. Kd3 f3 38. Ke4 Nc7 39. Nc2 Ne8 40.
Ne3 Nd6+ 41. Kd3 Kg5 1/2-1/2

[Event "XXVI Festival Conca della Presolana B"]
[Site "Bratto - Castione della Presolana ITA"]
[Date "2006.08.24"]
[Round "5"]
[White "Spano' Cuomo, Gaetano"]
[Black "Villa, Claudio"]
[Result "1/2-1/2"]
[WhiteElo "1880"]
[BlackElo "1753"]
[PlyCount "104"]
[EventDate "2006.08.20"]

1. d4 d5 2. Nf3 Nf6 3. e3 e6 4. Bd3 c5 5. O-O Nc6 6. c3 c4 7. Bc2 Bd6 8. Nbd2
O-O 9. e4 dxe4 10. Nxe4 Nxe4 11. Bxe4 f5 12. Bxc6 bxc6 13. Qe2 h6 14. Bd2 Rf6
15. Rad1 Qc7 16. Rfe1 Bb7 17. Qxc4 Re8 18. Ne5 c5 19. Bf4 Bd5 20. Qa4 Re7 21.
dxc5 Qxc5 22. c4 Bxe5 23. Bxe5 Bc6 24. Qa3 Qxa3 25. bxa3 Rg6 26. g3 h5 27. Rd6
Bb7 28. c5 Kf7 29. c6 Bc8 30. c7 Rxc7 31. Rd8 Rc2 32. Red1 Rg4 33. f4 h4 34.
Rh8 hxg3 35. h3 Rg6 36. Bd6 Rh6 37. Rxh6 gxh6 38. Rd3 Rxa2 39. Rxg3 Bb7 40. Be5
Bd5 41. Rg7+ Kf8 42. Rxa7 Rg2+ 43. Kf1 Rh2 44. Bg7+ Ke8 45. Bxh6 Rxh3 46. Bg5
Rh2 47. a4 Rb2 48. a5 Rb7 49. Ra8+ Kd7 50. Rh8 Kc6 51. Kf2 Kb5 52. Bd8 Rb8
1/2-1/2

[Event "XXVI Festival Conca della Presolana B"]
[Site "Bratto - Castione della Presolana ITA"]
[Date "2006.08.24"]
[Round "5"]
[White "Vanzan, Alessandro"]
[Black "Pesce, Leandro"]
[Result "1-0"]
[WhiteElo "1835"]
[BlackElo "1767"]
[PlyCount "191"]
[EventDate "2006.08.20"]

1. c4 e5 2. Nc3 Nf6 3. d3 c6 4. Nf3 d6 5. g3 g6 6. Bg2 Bg7 7. O-O O-O 8. Rb1 a5
9. Bd2 Nbd7 10. a3 Nb6 11. b4 axb4 12. axb4 Nbd7 13. Qc1 Re8 14. Qc2 Nf8 15. b5
N8d7 16. bxc6 bxc6 17. Ng5 Qc7 18. Nb5 cxb5 19. Bxa8 bxc4 20. Qxc4 Qxc4 21.
dxc4 h6 22. Ne4 Nxe4 23. Bxe4 Nc5 24. Bc6 Bd7 25. Bxd7 Nxd7 26. Bb4 Nc5 27.
Rfd1 Bf8 28. Rd5 Rb8 29. Rdd1 Ne6 30. Ba3 Rxb1 31. Rxb1 Nc5 32. f3 Kg7 33. Rd1
Kf6 34. e4 Ke6 35. Kf2 h5 36. Ke2 Na4 37. Rc1 Nc5 38. Rb1 Nd7 39. Rb7 Nc5 40.
Rb6 Kd7 41. Rb8 Be7 42. h4 Kc7 43. Rb1 Na4 44. Bb4 Nb6 45. Kd3 Kc6 46. Ra1 Kb7
47. Rb1 Kc7 48. Rf1 f6 49. Rg1 g5 50. Rh1 Nd7 51. hxg5 fxg5 52. Rxh5 Nf8 53.
Bd2 Ne6 54. Rh6 Kd7 55. Rh7 Ke8 56. Rh1 Kf7 57. Rb1 Kg6 58. Rb6 Kg7 59. Be3 Kf7
60. Bc1 Ke8 61. Ba3 Kd7 62. Rb7+ Nc7 63. Rb1 Ne6 64. Rb7+ Nc7 65. Bc1 Kc8 66.
Rb2 Kd7 67. f4 exf4 68. gxf4 gxf4 69. Bxf4 Kc6 70. Rh2 Ne6 71. Be3 Ng5 72. Rf2
Ne6 73. Rf7 Bd8 74. Ra7 Nc5+ 75. Bxc5 Kxc5 76. Rd7 Bf6 77. Rb7 Kc6 78. Ra7 Kb6
79. Rh7 Kc6 80. Rh5 Be5 81. Rh1 Kb6 82. Rb1+ Kc6 83. Rb5 Bf6 84. Ke2 Bd4 85.
Kd3 Be5 86. Kc2 Bd4 87. Kb3 Kd7 88. Rd5 Bc5 89. e5 Ke6 90. Ka4 Kd7 91. Kb5 Ba3
92. exd6 Bxd6 93. Rxd6+ Kxd6 94. Kb6 Kd7 95. c5 Kc8 96. Kc6 1-0

[Event "XXVI Festival Conca della Presolana B"]
[Site "Bratto - Castione della Presolana ITA"]
[Date "2006.08.24"]
[Round "5"]
[White "Vignoli, Matteo"]
[Black "Colombo, Sandro"]
[Result "1-0"]
[WhiteElo "1941"]
[BlackElo "1864"]
[PlyCount "85"]
[EventDate "2006.08.20"]

1. e4 c5 2. Nf3 Nc6 3. d4 cxd4 4. Nxd4 Nf6 5. Nc3 e5 6. Ndb5 d6 7. Nd5 Nxd5 8.
exd5 Ne7 9. c4 Nf5 10. Bd3 Bd7 11. a4 Be7 12. O-O O-O 13. Kh1 a6 14. Nc3 Bg5
15. a5 Bxc1 16. Qxc1 Nd4 17. Qd1 f5 18. Ne2 Nxe2 19. Qxe2 Qg5 20. f4 exf4 21.
Qf3 Rae8 22. Qxf4 Qxf4 23. Rxf4 Re3 24. Rd4 f4 25. Kg1 f3 26. Kf2 Rfe8 27. gxf3
R3e5 28. Re4 Rxe4 29. Bxe4 Rb8 30. b3 b5 31. axb6 Rxb6 32. Ra3 Bc8 33. Ke3 g6
34. Kd4 Rb4 35. Kc3 Rb7 36. b4 Rc7 37. Ra5 Kf7 38. c5 Ke7 39. c6 Kf6 40. Kd4
Kg5 41. Bd3 Kf4 42. Bxa6 Bxa6 43. Rxa6 1-0

[Event "XXVI Festival Conca della Presolana B"]
[Site "Bratto - Castione della Presolana ITA"]
[Date "2006.08.25"]
[Round "6"]
[White "Acunzo, Domenico"]
[Black "Lanni, Vincenzo"]
[Result "1/2-1/2"]
[WhiteElo "1764"]
[BlackElo "1697"]
[PlyCount "133"]
[EventDate "2006.08.20"]

1. e4 g6 2. d4 Bg7 3. f4 d5 4. e5 Nh6 5. Be2 f6 6. Nf3 O-O 7. O-O c6 8. c3 Qc7
9. Qe1 Nd7 10. Na3 Nb6 11. Nc2 Bg4 12. Ne3 Bxf3 13. Rxf3 fxe5 14. fxe5 Rxf3 15.
Bxf3 Rf8 16. Qh4 Nf5 17. Nxf5 Rxf5 18. Bg4 Rf8 19. Bg5 Kh8 20. Bxe7 Re8 21. Bf6
Nc4 22. b3 Nd2 23. Be2 Ne4 24. Bxg7+ Kxg7 25. Bd3 Nxc3 26. Qf6+ Kg8 27. Bxg6
Rf8 28. Qe6+ Kg7 29. Bd3 b5 30. Qg4+ Kh8 31. Re1 Qe7 32. Re3 Qg7 33. Qh4 Ne4
34. Bxe4 dxe4 35. Qxe4 Rd8 36. h3 Qd7 37. Rd3 a5 38. Qf4 Qe7 39. g4 Rf8 40. Qg3
Qf7 41. Rd1 a4 42. Qg2 axb3 43. axb3 Qxb3 44. Rf1 Qe3+ 45. Kh2 Rxf1 46. Qxf1
Qh6 47. Qf3 Kg7 48. Kg3 Qe6 49. g5 b4 50. h4 b3 51. Qc3 Qd5 52. Kf4 Kg6 53.
Qd3+ Kg7 54. Qc3 Kg6 55. Ke3 Kh5 56. Kd2 Kxh4 57. Kc1 Kxg5 58. Kb2 h5 59. Qg3+
Kf5 60. Qh3+ Kg6 61. Qg3+ Kh7 62. Qf4 Qe6 63. Kc3 Kg6 64. Qe4+ Kg5 65. Qg2+ Kh6
66. Qd2+ Kg6 67. Qg2+ 1/2-1/2

[Event "XXVI Festival Conca della Presolana B"]
[Site "Bratto - Castione della Presolana ITA"]
[Date "2006.08.25"]
[Round "6"]
[White "Bernasconi, Roberto"]
[Black "Bassis, Ivano"]
[Result "1/2-1/2"]
[WhiteElo "1933"]
[BlackElo "1820"]
[PlyCount "88"]
[EventDate "2006.08.20"]

1. e4 d5 2. exd5 Qxd5 3. Nc3 Qa5 4. d4 Nf6 5. Nf3 c6 6. Bc4 Bf5 7. Bd2 e6 8.
Qe2 Bb4 9. O-O Nbd7 10. a3 Bxc3 11. Bxc3 Qc7 12. Rfe1 Ne4 13. Bd2 Nxd2 14. Qxd2
O-O-O 15. b4 Nf6 16. Bf1 Rd6 17. Ne5 Rhd8 18. c3 Rd5 19. Qe3 Ng4 20. Nxg4 Bxg4
21. Qg3 Qxg3 22. hxg3 b6 23. Bc4 R5d7 24. Re5 Bf5 25. Rae1 Kc7 26. f3 Kd6 27.
g4 Bg6 28. f4 h6 29. Kf2 Bh7 30. f5 exf5 31. gxf5 f6 32. Re6+ Kc7 33. Bd3 c5
34. bxc5 bxc5 35. Be4 Rd6 36. Re7+ R8d7 37. Rxd7+ Rxd7 38. dxc5 Bg8 39. c6 Re7
40. Re2 Bc4 41. Re3 Re5 42. g4 Kd6 43. Kf3 Ra5 44. Re1 Bd5 1/2-1/2

[Event "XXVI Festival Conca della Presolana B"]
[Site "Bratto - Castione della Presolana ITA"]
[Date "2006.08.25"]
[Round "6"]
[White "Boccalatte, Piero"]
[Black "Roversi, Stefano"]
[Result "1-0"]
[WhiteElo "1999"]
[BlackElo "1857"]
[PlyCount "80"]
[EventDate "2006.08.20"]

1. d4 Nf6 2. c4 g6 3. Nc3 Bg7 4. e4 d6 5. Bd3 Nc6 6. Nge2 O-O 7. O-O e5 8. d5
Ne7 9. h3 Nd7 10. Be3 f5 11. exf5 gxf5 12. f4 e4 13. Bc2 Nf6 14. Qd2 Ng6 15. b4
Kh8 16. Kh1 Rg8 17. Rg1 Ng4 18. Bd4 Qh4 19. Qe1 Qh6 20. Qd2 Nh4 21. Raf1 Nf3
22. Rxf3 exf3 23. Ng3 f2 24. Rf1 Bxd4 25. Qxd4+ Qf6 26. Qxf6+ Nxf6 27. Nxf5
Bxf5 28. Bxf5 Rae8 29. Rxf2 Re1+ 30. Kh2 Rc1 31. Rf3 Re8 32. Be6 c6 33. g4 cxd5
34. cxd5 Rc2+ 35. Kg3 Rd2 36. Kh4 Rd4 37. Nb5 Nxd5 38. Nxd4 Nxb4 39. f5 Nxa2
40. Bxa2 Re4 1-0

[Event "XXVI Festival Conca della Presolana B"]
[Site "Bratto - Castione della Presolana ITA"]
[Date "2006.08.25"]
[Round "6"]
[White "Bolognesi, Alberto"]
[Black "Saracco, Marco"]
[Result "1/2-1/2"]
[WhiteElo "1900"]
[BlackElo "1780"]
[PlyCount "47"]
[EventDate "2006.08.20"]

1. e4 c6 2. d4 d5 3. exd5 cxd5 4. c4 Nf6 5. Nc3 e6 6. Nf3 Nc6 7. Bd3 Be7 8. O-O
O-O 9. Bg5 dxc4 10. Bxc4 a6 11. a4 b6 12. Qd3 Nb4 13. Qe2 Bb7 14. Rfd1 Nbd5 15.
Rac1 a5 16. Ne5 Nxc3 17. bxc3 Nd5 18. Bd2 Rc8 19. Bd3 Nf6 20. Bf4 g6 21. Bh6
Re8 22. Bb5 Qd5 23. f3 Red8 24. h3 1/2-1/2

[Event "XXVI Festival Conca della Presolana B"]
[Site "Bratto - Castione della Presolana ITA"]
[Date "2006.08.25"]
[Round "6"]
[White "Burbi, Marco"]
[Black "Brunelli, Giovanni"]
[Result "1-0"]
[WhiteElo "1793"]
[BlackElo "1882"]
[PlyCount "83"]
[EventDate "2006.08.20"]

1. e4 c5 2. Nc3 Nc6 3. f4 d6 4. Nf3 e6 5. Bb5 a6 6. Bxc6+ bxc6 7. O-O Nf6 8. d3
Be7 9. e5 Nd5 10. Ne4 f5 11. Nxd6+ Bxd6 12. exd6 Qxd6 13. Ne5 O-O 14. Qf3 Bb7
15. b3 Rad8 16. Bb2 Nb4 17. Qf2 a5 18. Nc4 Qc7 19. Be5 Qd7 20. Nxa5 Ba8 21.
Qxc5 Na6 22. Qf2 c5 23. Nc4 Qf7 24. a3 Qg6 25. Rfe1 h5 26. Re3 Qh7 27. Qh4 Nb8
28. Rg3 g6 29. Qg5 Nc6 30. Qxg6+ Qxg6 31. Rxg6+ Kh7 32. Rg5 Nxe5 33. Nxe5 Kh6
34. Rg6+ Kh7 35. Rxe6 Bd5 36. Re7+ Kh6 37. Rd7 Rxd7 38. Nxd7 Rg8 39. g3 h4 40.
Kf2 hxg3+ 41. hxg3 Rc8 42. Nb6 1-0

[Event "XXVI Festival Conca della Presolana B"]
[Site "Bratto - Castione della Presolana ITA"]
[Date "2006.08.25"]
[Round "6"]
[White "Cambieri, Mario"]
[Black "Sanzani, Pierluigi"]
[Result "0-1"]
[WhiteElo "1814"]
[BlackElo "1892"]
[PlyCount "73"]
[EventDate "2006.08.20"]

1. c4 g6 2. Nf3 Bg7 3. d4 Nf6 4. Nc3 O-O 5. g3 c6 6. e4 d6 7. Bg2 Nbd7 8. O-O
e5 9. d5 cxd5 10. cxd5 a6 11. Qe2 Nh5 12. Bd2 Qe8 13. Rac1 h6 14. Nh4 Kh7 15.
Nf5 gxf5 16. Qxh5 Nf6 17. Qe2 b5 18. f3 Rg8 19. Nd1 Bf8 20. f4 exf4 21. Rxf4
Nxd5 22. Rh4 Nf6 23. e5 Rb8 24. Rc7 dxe5 25. Qe3 Rg6 26. Qa7 Nd7 27. Bc6 Rd6
28. Qe3 Qe6 29. Rxd7 Bxd7 30. Bxd7 Rxd7 31. Nf2 Rbd8 32. Bc3 Rd5 33. Nh3 Bc5
34. Qxc5 Rxc5 35. Ng5+ Kg6 36. Nxe6 fxe6 37. a4 {...} 0-1